Países más cercanos al ecuador terrestre - Estadísticas

Estadísticas generales
  • Esta prueba ha sido intentada 88 veces
  • La puntuación promedio es 13 de 20
Estadísticas de respuestas
km país % Correcto
0 Brasil
96%
0 Colombia
93%
0 Ecuador
92%
2 Perú
90%
136 Venezuela
89%
0 Rep Dem Congo
83%
0 Congo
82%
0 Indonesia
75%
102 Guinea Ecuatorial
69%
0 Gabón
65%
0 Kenia
65%
0 Uganda
63%
173 Malasia
61%
116 Ruanda
61%
0 Somalia
55%
21 Maldivas
42%
127 Singapur
39%
13 Kiribati
31%
0 Santo Tomé y Príncipe
31%
55 Nauru
20%
No se encontraron pruebas coincidentes
Distribución de puntuación
Porcentaje de gente con cada puntuación
Porcentaje por número respondido
Historial de tus puntuaciones
No has intentado esta prueba.